Биогеохимическая миграция халькофильных элементов в условиях глубокозалежного болота Западной Сибири; Сибирский экологический журнал; № 2

Dades bibliogràfiques
Parent link:Сибирский экологический журнал: научный журнал/ Российская академия наук (РАН), Сибирское отделение (СО).— , 1995-.— 0869-8619
№ 2.— 2002.— С. 157-163
Altres autors: Ефремова Т. Т., Ефремов С. П., Куценогий К. П., Переседов В. Ф.
Idioma:rus
Publicat: 2002
Matèries:
Format: MixedMaterials Capítol de llibre
KOHA link:https://koha.lib.tpu.ru/cgi-bin/koha/opac-detail.pl?biblionumber=383845

MARC

LEADER 00000naa2a2200000 4500
001 383845
005 20231101063158.0
035 |a (RuTPU)RU\TPU\prd\9847 
090 |a 383845 
100 |a 20030120a2002 k y0rusy50 ca 
101 0 |a rus 
102 |a RU 
200 1 |a Биогеохимическая миграция халькофильных элементов в условиях глубокозалежного болота Западной Сибири  |f Т. Т. Ефремова, С. П. Ефремов, К. П. Куценогий, В. Ф. Переседов 
320 |a Библиогр.: 15 назв. 
461 1 |0 (RuTPU)RU\TPU\prd\1754  |x 0869-8619  |t Сибирский экологический журнал  |o научный журнал  |f Российская академия наук (РАН), Сибирское отделение (СО)  |d 1995- 
463 1 |0 (RuTPU)RU\TPU\prd\6330  |t № 2  |v С. 157-163  |d 2002 
610 1 |a биохимические миграции 
610 1 |a халькофильные элементы 
610 1 |a болота 
610 1 |a экосистемы 
610 1 |a Западная Сибирь 
610 1 |a торф 
675 |a 551.481:552.5.58:550.4  |v 3 
701 1 |a Ефремова  |b Т. Т. 
701 1 |a Ефремов  |b С. П. 
701 1 |a Куценогий  |b К. П. 
701 1 |a Переседов  |b В. Ф. 
801 1 |a RU  |b 63413507  |c 20030120  |g PSBO 
801 2 |a RU  |b 63413507  |c 20131209  |g RCR 
942 |c BK